[Event "DSM WK M 2015"]
[Site "Karlsruhe GER"]
[Date "2015.05.08"]
[Round "2"]
[White "Syla, Albetina"]
[Black "Schäfer, Leonie"]
[Result "1-0"]
[Termination "normal"]
[Board "3.3"]
[WhiteElo "1096"]
[BlackElo "792"]
[WhiteTeam "Charlotte-Paulsen-Gymnasium Hamburg"]
[BlackTeam "Franziskusgymnasium Lingen"]
[PlyCount "67"]
[BlackFideId "16241851"]
[EventCountry "GER"]
[EventRounds "7"]
[EventType "team-swiss"]
[EventDate "2015.05.07"]

1. e4 e5 2. Nf3 Nc6 3. Bc4 Nf6 4. Nc3 Bc5 5. d3 O-O 6. Bg5 Bb4 7. O-O Bxc3 8.
bxc3 Na5 9. Bb3 Nxb3 10. cxb3 d6 11. Qd2 Bg4 12. Qe3 h6 13. Bh4 c6 14. Rad1 Rc8
15. c4 a6 16. Rd2 b5 17. Rc1 bxc4 18. dxc4 g5 19. Bg3 Rc7 20. Nxe5 dxe5 21.
Rxd8 Rxd8 22. Bxe5 Rcd7 23. h3 Rd3 24. Qb6 Nd7 25. Qxd8+ Nf8 26. Qxd3 Nd7 27.
hxg4 Nxe5 28. Qd8+ Kg7 29. Rd1 Nxg4 30. Rd6 c5 31. f3 Ne5 32. Qf6+ Kh7 33.
Qxh6+ Kg8 34. Rd8# 1-0

[Event "DSM WK M 2015"]
[Site "Karlsruhe GER"]
[Date "2015.05.08"]
[Round "2"]
[White "Brüwer, Sophie"]
[Black "Schwarz, Merle"]
[Result "0-1"]
[Termination "normal"]
[Board "3.4"]
[WhiteElo "800"]
[BlackElo "800"]
[WhiteTeam "Franziskusgymnasium Lingen"]
[BlackTeam "Charlotte-Paulsen-Gymnasium Hamburg"]
[PlyCount "98"]
[EventCountry "GER"]
[EventRounds "7"]
[EventType "team-swiss"]
[EventDate "2015.05.07"]

1. e4 e5 2. Nf3 Nc6 3. Nc3 Bc5 4. Bb5 d6 5. d3 Bg4 6. O-O Nf6 7. h3 Be6 8. a3
Qe7 9. Nh2 O-O-O 10. Bg5 h6 11. Bd2 Qf8 12. b3 g5 13. b4 Bb6 14. Ba4 Rg8 15. b5
Ne7 16. Rb1 Qg7 17. Qf3 Bg4 18. hxg4 h5 19. Na2 hxg4 20. Nxg4 Nxg4 21. Qxg4+
Kb8 {(Dieser Zug wurde nicht gespielt, vermutlich hat Schwarz mit Kb8/Tc8
falsch rochiert)} 22. -- Rh8 23. Rfe1 f5 24. Qg3 f4 25. Qf3 g4 26. Qe2 f3 27.
Qd1 g3 28. Qxf3 gxf2+ 29. Kf1 Rh1+ 30. Ke2 f1=B+ 31. Rxf1 Rh5 32. Nc3 Rh4 33.
Rh1 Qh7 34. Rhg1 Ng6 35. Rgf1 Rh2 36. Nd1 Nh4 37. Qg3 Rxg2+ 38. Nf2 Rxg3 39.
Nh1 Qh5+ 40. Ke1 Re3+ 41. Kf2 Rf8+ 42. Kg1 Nf3+ 43. Kg2 Qg4+ 44. Ng3 Re2+ 45.
Rf2 Ne1+ 46. Bxe1 Rexf2+ 47. Bxf2 Bxf2 48. Rf1 Qf3+ 49. Kh3 Qxg3# 0-1

[Event "DSM WK M 2015"]
[Site "Karlsruhe GER"]
[Date "2015.05.08"]
[Round "2"]
[White "Dorendorf, Lena"]
[Black "Kümmel, Tina"]
[Result "0-1"]
[Termination "normal"]
[Board "4.1"]
[WhiteElo "1125"]
[BlackElo "1381"]
[WhiteTeam "Gymnasium Gadebusch"]
[BlackTeam "Ludwigsgymnasium Köthen"]
[PlyCount "82"]
[WhiteFideId "12983373"]
[BlackFideId "12979368"]
[EventCountry "GER"]
[EventRounds "7"]
[EventType "team-swiss"]
[EventDate "2015.05.07"]

1. e4 e6 2. Nf3 d5 3. Nc3 Nf6 4. d3 dxe4 5. dxe4 Qxd1+ 6. Kxd1 Bc5 7. Ke1 Ng4
8. Nd1 Nc6 9. h3 Nf6 10. Bd3 O-O 11. Bg5 Nd7 12. Ke2 h6 13. Be3 Bxe3 14. Nxe3
Nf6 15. Rhd1 e5 16. c3 Be6 17. Kf1 Rad8 18. Ke2 Rfe8 19. Bc2 Rd7 20. Rxd7 Nxd7
21. a3 Nb6 22. Rd1 Kf8 23. Kf1 Na5 24. Nxe5 f6 25. Nf3 Nac4 26. Nxc4 Nxc4 27.
Rb1 Bf7 28. Kg1 Bg6 29. Bd3 {(=)} Bxe4 30. Bxe4 Rxe4 31. a4 Kf7 32. b3 Ne5 33.
Nxe5+ Rxe5 34. Rd1 Ke6 35. f3 Re2 36. Rd3 c6 37. Kf1 Re5 38. Kf2 Rd5 39. Rxd5
Kxd5 40. c4+ Kd6 41. g4 g6 {(Rest nicht nachvollziehbar)} 0-1

[Event "DSM WK M 2015"]
[Site "Karlsruhe GER"]
[Date "2015.05.08"]
[Round "2"]
[White "Wesselly, Luisa"]
[Black "Lübbert, Charline"]
[Result "1/2-1/2"]
[Termination "normal"]
[Board "4.2"]
[WhiteElo "1032"]
[BlackElo "1228"]
[WhiteTeam "Ludwigsgymnasium Köthen"]
[BlackTeam "Gymnasium Gadebusch"]
[PlyCount "110"]
[WhiteFideId "16217187"]
[BlackFideId "12983381"]
[EventCountry "GER"]
[EventRounds "7"]
[EventType "team-swiss"]
[EventDate "2015.05.07"]

1. e4 e5 2. Nf3 Nc6 3. Bc4 Nf6 4. Ng5 d5 5. exd5 Nxd5 6. d3 f6 7. Nf3 Bg4 8.
Nc3 Bb4 9. Bd2 Nxc3 10. Bxc3 Qd6 11. Qd2 O-O-O 12. a3 Bxc3 13. Qxc3 Nd4 14.
Nxd4 exd4 15. Qa5 Rhe8+ 16. Kf1 Qb6 17. Qxb6 axb6 18. f3 Be6 19. Bxe6+ Rxe6 20.
Re1 Rde8 21. Rxe6 Rxe6 22. Kf2 Kd7 23. Rb1 b5 24. g4 g6 25. b3 Re3 26. a4 bxa4
27. bxa4 b6 28. Rb5 Re5 29. Rb4 Rd5 30. h3 Kd6 31. Rc4 c5 32. f4 Kc6 33. Kf3
Rd7 34. f5 gxf5 35. gxf5 Rg7 36. Ke4 Rg5 37. Kf4 Rg1 38. h4 h5 39. c3 dxc3 40.
Rxc3 Rg4+ 41. Kf3 Rxh4 42. Ra3 Kd5 43. a5 bxa5 44. Rxa5 Rh3+ 45. Ke2 Rg3 46.
Ra4 Rg4 47. Ra6 Ke5 48. Rc6 Kd5 49. Rxf6 h4 50. Rh6 Rf4 51. f6 Ke6 52. Ke3 Rxf6
53. Rxh4 Kd5 54. Rh5+ Kd6 55. d4 cxd4+ 1/2-1/2

[Event "DSM WK M 2015"]
[Site "Karlsruhe GER"]
[Date "2015.05.08"]
[Round "2"]
[White "Albrecht, Marie"]
[Black "Buchheim, Luise"]
[Result "0-1"]
[Termination "normal"]
[Board "4.3"]
[WhiteElo "991"]
[BlackElo "1112"]
[WhiteTeam "Gymnasium Gadebusch"]
[BlackTeam "Ludwigsgymnasium Köthen"]
[PlyCount "84"]
[WhiteFideId "12983390"]
[BlackFideId "16217179"]
[EventCountry "GER"]
[EventRounds "7"]
[EventType "team-swiss"]
[EventDate "2015.05.07"]

1. e4 e5 2. Nf3 Nc6 3. Bb5 d6 4. Nc3 Bd7 5. Bxc6 Bxc6 6. O-O Nf6 7. b3 Qe7 8.
Qe2 g6 9. Ba3 Bh6 10. Rad1 O-O 11. d4 exd4 12. Rxd4 Qe6 13. Nh4 Rfe8 14. Qf3
Nd7 15. Qg3 Bg7 16. Rd3 Bxc3 17. Rxc3 Qxe4 18. Nf3 Qf5 19. Qh4 Qf6 20. Ng5 Qg7
21. Bb2 f6 22. Nf3 Qf7 23. h3 Re4 24. Qg3 Rae8 25. Nh2 Bb5 26. Ng4 Qg7 27. Re3
Rxe3 28. fxe3 Bxf1 29. Qf3 Re6 30. Qxf1 h5 31. Nh2 Rxe3 32. Nf3 Qe7 33. Qc4+
Qf7 34. Qxc7 Ne5 35. Qc8+ Kg7 36. Bd4 Nxf3+ 37. gxf3 Rxf3 38. Qd8 Rxh3 39. Qxd6
g5 40. Kg2 Rh4 41. Bc3 Re4 42. Qg3 Rg4 0-1

[Event "DSM WK M 2015"]
[Site "Karlsruhe GER"]
[Date "2015.05.08"]
[Round "2"]
[White "Buhle, Jasmin"]
[Black "Groß, Sarah"]
[Result "1-0"]
[Termination "normal"]
[Board "4.4"]
[WhiteElo "960"]
[BlackElo "800"]
[WhiteTeam "Ludwigsgymnasium Köthen"]
[BlackTeam "Gymnasium Gadebusch"]
[PlyCount "83"]
[WhiteFideId "16217195"]
[EventCountry "GER"]
[EventRounds "7"]
[EventType "team-swiss"]
[EventDate "2015.05.07"]

1. e4 e5 2. Nf3 Nc6 3. Bc4 Nf6 4. Ng5 Qe7 5. d3 d6 6. h3 Bd7 7. O-O h6 8. Nf3
Be6 9. Bb5 a6 10. Bxc6+ bxc6 11. Nc3 Rb8 12. Be3 h5 13. Bg5 Rh7 14. Rb1 Qd8 15.
a3 g6 16. Qd2 d5 17. exd5 cxd5 18. Nxe5 Bd6 19. Nc6 Bh2+ 20. Kh1 Qd6 21. Nxb8
h4 22. Bxf6 d4 23. Na4 Bd5 24. Qe2+ Kf8 25. Qe7+ Kg8 26. Qe8+ Qf8 27. Qxf8+
Kxf8 28. Kxh2 Rh5 29. Rbe1 Be6 30. Re5 Rh6 31. Nc5 a5 32. Nxe6+ fxe6 33. Rxe6
g5 34. Be7+ Kf7 35. Rxh6 Kxe7 36. Re1+ Kf7 37. Re5 Kf8 38. Rh7 Kg8 39. Rxc7 Kf8
40. Rb5 Ke8 41. Nc6 Kf8 42. Rb8# 1-0

[Event "DSM WK M 2015"]
[Site "Karlsruhe GER"]
[Date "2015.05.08"]
[Round "2"]
[White "Kail, Sindy"]
[Black "Kublanov, Carolin"]
[Result "1-0"]
[Termination "normal"]
[Board "5.1"]
[WhiteElo "1528"]
[BlackElo "1408"]
[WhiteTeam "Maria-Ward-Schule Aschaffenburg"]
[BlackTeam "Humboldt-Gymnasium Düsseldorf"]
[PlyCount "97"]
[WhiteFideId "12988502"]
[BlackFideId "12944548"]
[EventCountry "GER"]
[EventRounds "7"]
[EventType "team-swiss"]
[EventDate "2015.05.07"]

1. e4 e5 2. Nf3 Nc6 3. Bc4 Nf6 4. Nc3 Nxe4 5. Nxe4 d5 6. Bxd5 Qxd5 7. Nc3 Qd8
8. h3 Bc5 9. O-O O-O 10. d3 Bf5 11. Be3 Be7 12. Re1 Qd7 13. Ne4 Qd5 14. Ng3 Bg6
15. d4 e4 16. Nh2 Rad8 17. Ne2 Qb5 18. b3 Bb4 19. c3 Be7 20. Qc2 Bf6 21. Ng4
Be7 22. Nf4 Bf5 23. Nh2 Na5 24. g4 g5 25. gxf5 Qxf5 26. Ng2 Bd6 27. Ng4 Qf3 28.
Bxg5 Rde8 29. Nf6+ Kh8 30. Nxe8 Rxe8 31. Qe2 Qf5 32. Qg4 Qg6 33. Nh4 Qg7 34.
Nf5 Qg6 35. Bh6 Qxg4+ 36. hxg4 Re6 37. Nxd6 cxd6 38. Bf4 d5 39. Re3 Rf6 40. Be5
Kg7 41. Bxf6+ Kxf6 42. f3 exf3 43. Rxf3+ Kg6 44. Raf1 Kg5 45. Rxf7 Nc6 46. Rxh7
Nd8 47. Rg7+ Kh4 48. Kg2 Ne6 49. Rh1# 1-0

[Event "DSM WK M 2015"]
[Site "Karlsruhe GER"]
[Date "2015.05.08"]
[Round "2"]
[White "Kublanov, Elizabeth"]
[Black "Damrich, Alina"]
[Result "0-1"]
[Termination "normal"]
[Board "5.2"]
[WhiteElo "1523"]
[BlackElo "1470"]
[WhiteTeam "Humboldt-Gymnasium Düsseldorf"]
[BlackTeam "Maria-Ward-Schule Aschaffenburg"]
[PlyCount "90"]
[WhiteFideId "12944564"]
[BlackFideId "12964603"]
[EventCountry "GER"]
[EventRounds "7"]
[EventType "team-swiss"]
[EventDate "2015.05.07"]

1. d4 Nf6 2. c4 e6 3. Nc3 d5 4. Bg5 Nbd7 5. Nf3 Be7 6. Qc2 c5 7. e3 b6 8. Bd3
Bb7 9. cxd5 exd5 10. O-O Rc8 11. Qa4 Bc6 12. Bb5 Qc7 13. Bf4 Bd6 14. Ne5 Bxe5
15. dxe5 Bxb5 16. Nxb5 Qc6 17. Nd6+ Kf8 18. Qxc6 Rxc6 19. exf6 Nxf6 20. Nf5 g6
21. Ng3 h6 22. Be5 Re6 23. f4 Rg8 24. Rad1 Ng4 25. Rf3 Nxe5 26. fxe5 Rxe5 27.
Nf1 Kg7 28. h3 Rd8 29. Rf4 Rde8 30. h4 g5 31. hxg5 hxg5 32. Rg4 Kg6 33. Kh2 b5
34. Kh3 f5 35. Rg3 g4+ 36. Kh2 Kg5 37. Nd2 Rxe3 38. Rxe3 Rxe3 39. Nb3 c4 40.
Nd4 Rd3 41. Rxd3 cxd3 42. Nb3 Kf4 43. Kg1 Ke3 44. Kf1 d2 45. Nxd2 Kxd2 {(Rest
nicht nachvollziehbar)} 0-1

[Event "DSM WK M 2015"]
[Site "Karlsruhe GER"]
[Date "2015.05.08"]
[Round "2"]
[White "Gentil, Verena"]
[Black "Berelowitsch, Dana"]
[Result "1-0"]
[Termination "normal"]
[Board "5.3"]
[WhiteElo "935"]
[BlackElo "1473"]
[WhiteTeam "Maria-Ward-Schule Aschaffenburg"]
[BlackTeam "Humboldt-Gymnasium Düsseldorf"]
[PlyCount "111"]
[WhiteFideId "12964611"]
[BlackFideId "12977144"]
[EventCountry "GER"]
[EventRounds "7"]
[EventType "team-swiss"]
[EventDate "2015.05.07"]

1. e4 e5 2. Nf3 Nf6 3. Nxe5 d6 4. Nf3 Nxe4 5. Qe2 Qe7 6. Nc3 Nxc3 7. Qxe7+ Bxe7
8. dxc3 Bf5 9. Bd3 Bg6 10. Bxg6 hxg6 11. O-O Nc6 12. Re1 O-O-O 13. Nd4 Nxd4 14.
cxd4 Bf6 15. c3 d5 16. Bf4 Rde8 17. Rad1 Kd7 18. Be5 c6 19. g3 Re6 20. Bxf6
gxf6 21. Rxe6 fxe6 22. Re1 Re8 23. f4 Kd6 24. Kg2 e5 25. fxe5+ fxe5 26. dxe5+
Rxe5 27. Rxe5 Kxe5 28. Kf3 Kf5 29. h4 c5 30. g4+ Kf6 31. Kf4 b6 32. a3 a5 33.
b3 b5 34. a4 bxa4 35. bxa4 d4 36. cxd4 c4 37. Ke3 Ke6 38. Kd2 Kd6 39. h5 gxh5
40. gxh5 Ke6 41. Kc3 Kf7 42. d5 Ke7 43. h6 Kf7 44. h7 Kg7 45. d6 Kxh7 46. d7
Kg6 47. d8=Q Kf5 48. Qe7 Kf4 49. Kd4 Kf3 50. Qe4+ Kg3 51. Qf5 Kg2 52. Ke3 Kg1
53. Ke2 Kh2 54. Qg6 Kh3 55. Kf3 Kh4 56. Qg4# 1-0

[Event "DSM WK M 2015"]
[Site "Karlsruhe GER"]
[Date "2015.05.08"]
[Round "2"]
[White "Neumann, Tina"]
[Black "Bykov, Ilona"]
[Result "0-1"]
[Termination "normal"]
[Board "6.1"]
[WhiteElo "1284"]
[BlackElo "1363"]
[WhiteTeam "Veit-Ludwig-von-Seckendorff-Gymnasium Meuselwitz"]
[BlackTeam "Kant-Gymnasium Karlsruhe"]
[PlyCount "122"]
[WhiteFideId "16212371"]
[BlackFideId "12964433"]
[EventCountry "GER"]
[EventRounds "7"]
[EventType "team-swiss"]
[EventDate "2015.05.07"]

1. e4 e5 2. Nf3 Nc6 3. d4 exd4 4. c3 Bc5 5. cxd4 Bb4+ 6. Bd2 Nf6 7. Bxb4 Nxb4
8. Nc3 d5 9. Qa4+ Nc6 10. exd5 Nxd5 11. Bc4 Nxc3 12. bxc3 O-O 13. O-O Bd7 14.
Qc2 Qf6 15. Rfe1 Rfe8 16. Re2 Bg4 17. Bd5 Rad8 18. Rae1 Re7 19. Be4 Qf4 20.
Bxh7+ Kf8 21. Rxe7 Nxe7 22. Qe4 Nd5 23. c4 Bxf3 24. gxf3 Qg5+ 25. Qg4 Qxg4+ 26.
fxg4 Nc3 27. Re3 Nxa2 28. d5 g6 29. f4 Kg7 30. Rh3 Nb4 31. f5 Rh8 32. fxg6 fxg6
33. Rb3 a5 34. Bxg6 Kxg6 35. Ra3 b6 36. c5 Nxd5 37. cxb6 cxb6 38. Rd3 Rd8 39.
h4 Rd7 40. Kf2 Nf6 41. Rxd7 Nxd7 42. h5+ Kg5 43. Kf3 Ne5+ 44. Ke4 Nxg4 45. Kd5
Ne3+ 46. Kd4 Nf5+ 47. Kc4 Nd6+ 48. Kb3 Kxh5 49. Ka4 Kg5 50. Kb3 Kf5 51. Ka4 Ke4
52. Kb3 Kd4 53. Ka4 Kc5 54. Kb3 Kb5 55. Ka3 Nc4+ 56. Kb3 a4+ 57. Kc3 Kc5 58.
Kc2 Kb4 59. Kb1 Kb3 60. Ka1 a3 61. Kb1 Kc3 0-1

[Event "DSM WK M 2015"]
[Site "Karlsruhe GER"]
[Date "2015.05.08"]
[Round "2"]
[White "Ignatova, Nadja"]
[Black "Meyer, Jessica"]
[Result "0-1"]
[Termination "normal"]
[Board "6.2"]
[WhiteElo "1180"]
[BlackElo "1040"]
[WhiteTeam "Kant-Gymnasium Karlsruhe"]
[BlackTeam "Veit-Ludwig-von-Seckendorff-Gymnasium Meuselwitz"]
[PlyCount "90"]
[BlackFideId "16230019"]
[EventCountry "GER"]
[EventRounds "7"]
[EventType "team-swiss"]
[EventDate "2015.05.07"]

1. e4 c5 2. Nc3 e6 3. Bc4 Be7 4. d4 Qc7 5. Nb5 Qb6 6. Be3 d6 7. Nf3 a6 8. dxc5
dxc5 9. Nc3 Nd7 10. b3 Qc7 11. O-O b5 12. Be2 Ngf6 13. Qd3 Bb7 14. Nd2 Ne5 15.
Nxb5 axb5 16. Qc3 b4 17. Qb2 Nxe4 18. Nxe4 Bxe4 19. Bf4 Bf6 20. Rad1 O-O 21.
Rfe1 Rad8 22. f3 Bg6 23. Bf1 Nxf3+ 24. gxf3 Qxf4 25. Qb1 Bd4+ 26. Kh1 Qxf3+ 27.
Bg2 Qg4 28. Rxd4 Rxd4 29. Rg1 Be4 30. Qe1 f5 31. Bxe4 Qxe4+ 32. Qxe4 Rxe4 33.
Rg2 Re1+ 34. Rg1 Rxg1+ 35. Kxg1 Rd8 36. Kf2 Rd2+ 37. Kf3 Rxh2 38. Kf4 Rxc2 39.
Ke5 Kf7 40. Kd6 c4 41. bxc4 Rxc4 42. a3 bxa3 43. Ke5 a2 44. Kd6 a1=Q 45. Kd7
Qd1# 0-1

[Event "DSM WK M 2015"]
[Site "Karlsruhe GER"]
[Date "2015.05.08"]
[Round "2"]
[White "Wilmar, Anna"]
[Black "Vu, Minh Anh"]
[Result "1/2-1/2"]
[Termination "normal"]
[Board "6.3"]
[WhiteElo "800"]
[BlackElo "800"]
[WhiteTeam "Veit-Ludwig-von-Seckendorff-Gymnasium Meuselwitz"]
[BlackTeam "Kant-Gymnasium Karlsruhe"]
[PlyCount "83"]
[BlackFideId "16235304"]
[EventCountry "GER"]
[EventRounds "7"]
[EventType "team-swiss"]
[EventDate "2015.05.07"]

1. d4 d5 2. Nf3 Nc6 3. Bf4 Nf6 4. e3 Bf5 5. c4 dxc4 6. Bxc4 e6 7. O-O Na5 8.
Qa4+ b5 9. Qxb5+ Nd7 10. Qxa5 Rb8 11. Bxc7 Bb4 12. Qxa7 Qf6 13. Bxb8 Nxb8 14.
Qxb8+ Qd8 15. Bb5+ Ke7 16. Qxd8+ Rxd8 17. Nc3 f6 18. a4 Ra8 19. Bc6 Ra7 20.
Rfd1 Bc2 21. Rd2 Bb3 22. d5 exd5 23. Bxd5 Bxd5 24. Nxd5+ Ke6 25. Nxb4 Rb7 26.
Rd4 f5 27. a5 Ra7 28. a6 h6 29. Nc6 Ra8 30. a7 g5 31. Rd8 Rxa7 32. Rxa7 g4 33.
Re7+ Kf6 34. Rf8+ Kg6 35. Nh4+ Kh5 36. Rg7 g3 37. Nxf5 gxh2+ 38. Kf1 h1=Q+ 39.
Ke2 Qxg2 40. Ng3+ Kh4 41. Nf5+ Kh5 42. Rxg2 {Patt} 1/2-1/2

[Event "DSM WK M 2015"]
[Site "Karlsruhe GER"]
[Date "2015.05.08"]
[Round "2"]
[White "Nast, Lara"]
[Black "Jubelt, Lea"]
[Result "1/2-1/2"]
[Termination "normal"]
[Board "6.4"]
[WhiteElo "800"]
[BlackElo "696"]
[WhiteTeam "Kant-Gymnasium Karlsruhe"]
[BlackTeam "Veit-Ludwig-von-Seckendorff-Gymnasium Meuselwitz"]
[PlyCount "131"]
[WhiteFideId "16259831"]
[EventCountry "GER"]
[EventRounds "7"]
[EventType "team-swiss"]
[EventDate "2015.05.07"]

1. d4 d5 2. Nc3 Nc6 3. Nf3 Nf6 4. Bf4 Bf5 5. e3 e6 6. Bb5 Be7 7. Ne5 O-O 8.
Nxc6 bxc6 9. Bxc6 Rb8 10. b3 Ne4 11. Nxe4 dxe4 12. O-O a5 13. Qd2 Bb4 14. Qe2
Bc3 15. Rab1 Bb4 16. Qa6 Rb6 17. Qc4 Bd6 18. Bxd6 cxd6 19. Bb5 d5 20. Qa4 Rb7
21. Bc6 Rc7 22. Rfd1 Qd6 23. Bb5 Rxc2 24. Qxa5 Bg4 25. Rdc1 Rxc1+ 26. Rxc1 e5
27. Rc6 Qd8 28. Qxd8 Rxd8 29. dxe5 d4 30. a4 Bd7 31. Rc1 d3 32. Bxd7 Rxd7 33.
Rd1 Rb7 34. Rc1 h6 35. Rb1 d2 36. Rd1 Rd7 37. b4 Kf8 38. a5 Ke8 39. b5 Kd8 40.
b6 Kc8 41. a6 Kb8 42. a7+ Kb7 43. f3 exf3 44. gxf3 Rd8 45. e4 Kxb6 46. a8=N+
Kb7 47. f4 Kxa8 48. f5 Kb7 49. e6 fxe6 50. fxe6 Re8 51. Rxd2 Rxe6 52. Re2 g5
53. Kg2 h5 54. e5 Kc6 55. Kg3 Kd5 56. h4 Rxe5 57. Rd2+ Ke4 58. Re2+ Kf5 59.
Rf2+ Kg6 60. hxg5 Kxg5 61. Kh3 Re3+ 62. Kh2 Kg4 63. Rg2+ Kf4 64. Rf2+ Kg4 65.
Rg2+ Kf4 66. Rf2+ 1/2-1/2

[Event "DSM WK M 2015"]
[Site "Karlsruhe GER"]
[Date "2015.05.08"]
[Round "2"]
[White "Shevchenko, Alyona"]
[Black "Hiller, Samira"]
[Result "0-1"]
[Termination "normal"]
[Board "7.1"]
[WhiteElo "941"]
[BlackElo "959"]
[WhiteTeam "Goethe-Gymnasium Karlsruhe"]
[BlackTeam "Martin-Andersen-Nexö-Gymnasium Dresden"]
[PlyCount "70"]
[WhiteFideId "12983420"]
[EventCountry "GER"]
[EventRounds "7"]
[EventType "team-swiss"]
[EventDate "2015.05.07"]

1. e4 e5 2. Nf3 Nc6 3. d4 exd4 4. c3 dxc3 5. Nxc3 d6 6. h3 g6 7. Bc4 Bg7 8. Bd2
Qe7 9. Qe2 Be6 10. Bd5 Bxd5 11. Nxd5 Qd7 12. Nc3 Nge7 13. Nd5 O-O 14. Nxe7+
Qxe7 15. O-O Bxb2 16. Rab1 Bg7 17. Rxb7 Rab8 18. Rxb8 Rxb8 19. Rc1 Ne5 20. Nd4
c5 21. Nf3 Rb2 22. a4 Nxf3+ 23. gxf3 Bh6 24. Rd1 c4 25. Qe1 Bg7 26. Bc3 Rb3 27.
Bxg7 Kxg7 28. Qe2 Qf6 29. Kg2 Qg5+ 30. Kf1 Qh4 31. Kg2 Qf4 32. Rd4 c3 33. Rd3
Rb1 34. Rxc3 Qg5+ 35. Kh2 Qg1# 0-1

[Event "DSM WK M 2015"]
[Site "Karlsruhe GER"]
[Date "2015.05.08"]
[Round "2"]
[White "Ketterer, Beatrice"]
[Black "Weber, Alexandra"]
[Result "0-1"]
[Termination "normal"]
[Board "7.3"]
[WhiteElo "861"]
[BlackElo "843"]
[WhiteTeam "Goethe-Gymnasium Karlsruhe"]
[BlackTeam "Martin-Andersen-Nexö-Gymnasium Dresden"]
[PlyCount "52"]
[WhiteFideId "12983411"]
[EventCountry "GER"]
[EventRounds "7"]
[EventType "team-swiss"]
[EventDate "2015.05.07"]

1. e4 e5 2. Nf3 Nc6 3. Bc4 Bc5 4. O-O d6 5. d3 Nf6 6. Bg5 Bg4 7. c3 Qd7 8. Re1
d5 9. exd5 Nxd5 10. d4 Bd6 11. Bxd5 O-O 12. Qd3 Bf5 13. Qd2 exd4 14. cxd4 Bb4
15. Nc3 Qd6 16. a3 Ba5 17. b4 Bb6 18. Bxc6 bxc6 19. Be7 Qg6 20. Bxf8 Bh3 21. g3
Rxf8 22. a4 a6 23. a5 Ba7 24. Ne5 Qf6 25. Nd7 Qf3 26. Red1 Qg2# 0-1

[Event "DSM WK M 2015"]
[Site "Karlsruhe GER"]
[Date "2015.05.08"]
[Round "2"]
[White "Hutschenreiter, Pia"]
[Black "Kiefhaber, Marlene"]
[Result "0-1"]
[Termination "normal"]
[Board "7.4"]
[WhiteElo "800"]
[BlackElo "839"]
[WhiteTeam "Martin-Andersen-Nexö-Gymnasium Dresden"]
[BlackTeam "Goethe-Gymnasium Karlsruhe"]
[PlyCount "30"]
[EventCountry "GER"]
[EventRounds "7"]
[EventType "team-swiss"]
[EventDate "2015.05.07"]

1. e4 c6 2. Nc3 d5 3. f3 Nf6 4. d3 e5 5. Bg5 Be6 6. Nh3 Bxh3 7. gxh3 c5 8. Na4
Be7 9. Nc3 Nc6 10. Nxd5 Nxd5 11. exd5 Qxd5 12. Bg2 Bxg5 13. Rg1 Bh4+ 14. Kf1
Qd4 15. f4 Qf2# 0-1

[Event "DSM WK M 2015"]
[Site "Karlsruhe GER"]
[Date "2015.05.08"]
[Round "2"]
[White "Marquard, Chantal"]
[Black "Becker, Nina"]
[Result "0-1"]
[Termination "normal"]
[Board "8.1"]
[WhiteElo "800"]
[BlackElo "1102"]
[WhiteTeam "Oberschule Adolph Diesterweg Hennigsdorf"]
[BlackTeam "Warndt-Gymnasium Völklingen"]
[PlyCount "44"]
[EventCountry "GER"]
[EventRounds "7"]
[EventType "team-swiss"]
[EventDate "2015.05.07"]

1. e4 e5 2. Nc3 Nf6 3. Bc4 Bc5 4. Nf3 Nc6 5. d3 h6 6. Be3 d6 7. O-O Bg4 8. h3
Bh5 9. d4 exd4 10. Bxd4 Nxd4 11. Nd2 Bxd1 12. Rfxd1 O-O 13. Rdc1 c6 14. b3 d5
15. Bd3 Re8 16. a3 dxe4 17. Bc4 b5 18. Bf1 e3 19. fxe3 Nf5 20. a4 Qxd2 21. Rab1
Qxe3+ 22. Kh2 Qg1# 0-1

[Event "DSM WK M 2015"]
[Site "Karlsruhe GER"]
[Date "2015.05.08"]
[Round "2"]
[White "Bohdjalian, Roxanne"]
[Black "Nemitz, Rebekka"]
[Result "1-0"]
[Termination "normal"]
[Board "8.2"]
[WhiteElo "1117"]
[BlackElo "825"]
[WhiteTeam "Warndt-Gymnasium Völklingen"]
[BlackTeam "Oberschule Adolph Diesterweg Hennigsdorf"]
[PlyCount "53"]
[WhiteFideId "12937789"]
[EventCountry "GER"]
[EventRounds "7"]
[EventType "team-swiss"]
[EventDate "2015.05.07"]

1. e4 e5 2. d4 exd4 3. Qxd4 Nc6 4. Qe3 Nf6 5. Bc4 Be7 6. Nc3 d6 7. Bd2 Bd7 8.
Nf3 Be6 9. Bxe6 fxe6 10. O-O-O d5 11. exd5 exd5 12. Nb5 O-O 13. Bc3 Ng4 14.
Qe6+ Rf7 15. Qxg4 a6 16. Nbd4 Bf6 17. Nxc6 bxc6 18. Nd4 c5 19. Ne6 Qe7 20. Bxf6
Qxf6 21. f3 Rb8 22. b3 Rb4 23. Qh3 c4 24. Rxd5 Re7 25. Rd8+ Kf7 26. Qh5+ Kxe6
27. Qd5# 1-0

[Event "DSM WK M 2015"]
[Site "Karlsruhe GER"]
[Date "2015.05.08"]
[Round "2"]
[White "Fischer, Trixy"]
[Black "Bohdjalian, Johanna"]
[Result "0-1"]
[Termination "normal"]
[Board "8.3"]
[WhiteElo "800"]
[BlackElo "800"]
[WhiteTeam "Oberschule Adolph Diesterweg Hennigsdorf"]
[BlackTeam "Warndt-Gymnasium Völklingen"]
[PlyCount "42"]
[WhiteFideId "16217462"]
[EventCountry "GER"]
[EventRounds "7"]
[EventType "team-swiss"]
[EventDate "2015.05.07"]

1. e4 e5 2. Nf3 Nc6 3. Nc3 Nf6 4. Bc4 Bc5 5. O-O d6 6. d3 O-O 7. Bg5 h6 8. Bh4
Bg4 9. h3 Bxf3 10. Qxf3 Nd4 11. Qg3 Qd7 12. a3 d5 13. Bb3 dxe4 14. dxe4 Nxe4
15. Qd3 Nxc3 16. bxc3 e4 17. Qxe4 Rfe8 18. Qf4 Ne2+ 19. Kh2 Nxf4 20. Rad1 Qc6
21. Bg3 Qxg2# 0-1

[Event "DSM WK M 2015"]
[Site "Karlsruhe GER"]
[Date "2015.05.08"]
[Round "2"]
[White "Pitschmann, Lea"]
[Black "Uhn, Jeannine"]
[Result "1-0"]
[Termination "normal"]
[Board "8.4"]
[WhiteElo "800"]
[BlackElo "800"]
[WhiteTeam "Warndt-Gymnasium Völklingen"]
[BlackTeam "Oberschule Adolph Diesterweg Hennigsdorf"]
[PlyCount "67"]
[EventCountry "GER"]
[EventRounds "7"]
[EventType "team-swiss"]
[EventDate "2015.05.07"]

1. e4 e5 2. Nf3 Nc6 3. Bc4 Bc5 4. Nc3 Nf6 5. d3 d6 6. Be3 b6 7. O-O Be6 8. Bg5
Rb8 9. a4 h6 10. Bxf6 gxf6 11. a5 Ke7 12. Nh4 Qg8 13. Qf3 Qg5 14. Qg3 Bxf2+ 15.
Qxf2 Rhg8 16. Nd5+ Bxd5 17. Bxd5 bxa5 18. Bxc6 Rxb2 19. Rfc1 Rb6 20. Nf3 Qh5
21. Bd5 Rg6 22. c4 Rb8 23. Nh4 Rg5 24. g3 Rbg8 25. Kg2 Qg4 26. Rc2 c5 27. Re2
Kd7 28. Rb1 a4 29. Rb7+ Kd8 30. Nf5 a3 31. Ra2 Qd1 32. Rxa3 Qc1 33. Raxa7 Kc8
34. Ra8# 1-0

[Event "DSM WK M 2015"]
[Site "Karlsruhe GER"]
[Date "2015.05.08"]
[Round "2"]
[White "Alcer, Johanna"]
[Black "Brokinkel, Lilli"]
[Result "1-0"]
[Termination "normal"]
[Board "9.1"]
[WhiteElo "1180"]
[BlackElo "800"]
[WhiteTeam "Käthe-Kollwitz-Gymnasium Berlin"]
[BlackTeam "Oberschule Am Barkhof Bremen"]
[PlyCount "75"]
[WhiteFideId "12964450"]
[EventCountry "GER"]
[EventRounds "7"]
[EventType "team-swiss"]
[EventDate "2015.05.07"]

1. e4 e5 2. Nf3 Nc6 3. Bc4 Nf6 4. d3 Bb4+ 5. c3 Bc5 6. O-O d6 7. b4 Bb6 8. h3
O-O 9. Nbd2 Re8 10. Re1 Be6 11. Bb3 Bxb3 12. Qxb3 g6 13. Nf1 a5 14. b5 a4 15.
Qc2 Ne7 16. Be3 Bxe3 17. Nxe3 c6 18. bxc6 Nxc6 19. Rab1 b5 20. Rxb5 Rb8 21.
Qxa4 Ra8 22. Qc4 Na5 23. Qb4 Nd7 24. Qxd6 Nb7 25. Rxb7 Re7 26. Nxe5 Rb8 27.
Rxb8 Qxb8 28. Qxe7 Nxe5 29. Qb4 Qa8 30. Rd1 Qxa2 31. Qb8+ Kg7 32. Qxe5+ Kg8 33.
d4 Qa3 34. d5 Qxc3 35. Qxc3 f5 36. Qc7 fxe4 37. Rb1 h5 38. Rb8# 1-0